| 000 -ლიდერი |
| ფიქსირებული სიგრძის საკონტროლო ველი |
02042nam a22002177a 4500 |
| 003 - საკონტროლო ნომრის იდენტიფიკატორი |
| საკონტროლო ველი |
Ge_BSU |
| 005 - ბოლო ოპერაციის თარიღი და დრო |
| საკონტროლო ველი |
20220719124846.0 |
| 008 - ფიქსირებული სიგრძის მონაცემთა ელემენტები - ზოგადი ინფორმაცია |
| ფიქსირებული სიგრძის საკონტროლო ველი |
220705s2010ge xxu||||| |||| 00| 0 geo d |
| 020 ## - წიგნის საერთაშორისო სტანდარტული ნომერი |
| International Standard Book Number |
9789941912832 |
| 041 ## - ენის კოდი |
| Language code of text/sound track or separate title |
geo |
| 080 ## - უნივერსალური ათობითი კლასიფიკაციის ინდექსი |
| Universal Decimal Classification number |
378:663(479.224)(063) ს15 |
| 245 ## - ცნობა სათაურის შესახებ |
| Title |
საერთაშორისო სამეცნიერო-პრაქტიკული კონფერენცია "სუბტროპიკული ზონის დარგების პრობლემები და მათი გადაჭრის გზები" = International scientific-practical conference "The problems of subtropical zone fields and their solutions" : |
| Remainder of title |
მიძღვნილი აკად. გ. ჩხაიძის 80 წლის იუბილესადმი / |
| Statement of responsibility, etc |
სარედ. კომ. როლანდ კოპალიანი [და სხვ..] |
| 264 ## - წარმოების, გამოცემის, დისტრიბუციის და სხვა ცნობები |
| გამოცემის, წარმოების, დისტრიბუციის... ადგილი |
ქუთაისი: |
| გამოცემის, წარმოების, დისტრიბუციის... სახელწოდება |
შპს "მბმ-პოლიგრაფი, |
| გამოცემის, წარმოების, დისტრიბუციის... თარიღი |
2010. |
| 300 ## - ფიზიკური აღწერა |
| Extent |
316გვ. : |
| Other physical details |
ცხრ., სურ. ; |
| Dimensions |
29 სმ. |
| 501 ## - შენიშვნა თანმხლებ მასალაზე |
| With note |
ზესათ.: საქ. განათლებისა და მეცნ. სამინ., სუბტროპ. მეურნეობის სოხუმის სახელმწ. სასწ. უნ-ტი. |
| 653 ## - INDEX TERM--UNCONTROLLED |
| Uncontrolled term |
საერთაშორისო სამეცნიერო-პრაქტიკული კონფერენცია "სუბტროპიკული ზონის დარგების პრობლემები და მათი გადაჭრის გზები |
| 653 ## - INDEX TERM--UNCONTROLLED |
| Uncontrolled term |
სუბტროპიკული კულტურები |
| 700 ## - ADDED ENTRY--PERSONAL NAME |
| Personal name |
კოპალიანი, როლანდ |
| Relator term |
სარედაქციო კომისია |
| 9 (RLIN) |
2507 |
| 710 ## - ADDED ENTRY--CORPORATE NAME |
| Corporate name or jurisdiction name as entry element |
სოხუმის სუბტროპიკული მეურნეობის სასწავლო უნივერსიტეტი |
| 9 (RLIN) |
14295 |
| 942 ## - ADDED ENTRY ELEMENTS (KOHA) |
| Source of classification or shelving scheme |
|
| Koha item type |
წიგნი |